000
00210nmm a2200085Ia 4500
008
150209s2015||||xx |||||||||||||||||und||
100
_a
HENRY'S
245
_a
DENRY'S CLINICAL DIAGNOSIS & MANAGEMENT
942
_2
ddc
_c
CD
999
_c
5992
_d
5992